000
00262nam a2200109Ia 4500
008
200302s9999 xx 000 0 und d
100
_a
Gerald F. Brommer
245
_a
Elements of Design Space
260
_b
Davis Publishing Inc.,
260
_c
1974
300
_a
80 P.,
999
_c
274
_d
274